000 00681nam a2200229 i 4500
001 C2-0230895
003 PPAK
005 20180728084006.0
008 001102s1985 xx |||| ||||| | may d
040 _aPPAK
_beng
_cPPAK
_erda
082 0 4 _a923.2595112
_223
090 0 0 _a923.2595112
_bISM
_dKK
100 0 _aIsmail bin Saleh,
_eauthor
245 1 0 _aPengembaraan Tunku Muhammad Jiwa
264 1 _a[place of publication not identified] :
_b[publisher not identified] ,
_c1985
300 _a14 pages ;
_c29 cm
336 _2rdacontent
_atext
337 _2rdamedia
_aunmediated
338 _2rdacarrier
_avolume
650 1 0 _aPoliticians - Biography - Kedah
942 _ddc
_cB
999 _c150427
_d150427